Cursus juris canonici et indici in quo juxta ordinem titulorum decretalium non solum canonicae decissiones afferuntur sed...

Detalles Bibliográficos
Autor principal: MURILLO VELARDE, Pedro
Formato: Libro
Publicado: Madrid 1743
Edición:2a. ed.
Materias:
Colección:Banco de datos
Acervo:Biblioteca del Ex Convento de Nuestra Señora de Guadalupe. Zacatecas
Descripción Física:t. II
Tema general:Derecho Eclesiástico
Notas:Buena. III,4,12(797). La portada presenta un ex libris de Galindo
LEADER 00950nam a22002170004500
035 |a 39158 
036 |a 342 
100 1 |a MURILLO VELARDE, Pedro 
245 1 0 |a Cursus juris canonici et indici in quo juxta ordinem titulorum decretalium non solum canonicae decissiones afferuntur sed...  |c adnot. Vincentii García Hernández 
250 |a 2a. ed. 
260 |a Madrid  |b ed. Petri Simón de Hoz, imp. Ex tipografía Angelae de Apontes, Francisco González del Mazo  |c 1743 
300 |a t. II 
500 |a Buena. III,4,12(797). La portada presenta un ex libris de Galindo 
650 1 0 |a Derecho Eclesiástico 
949 |a CRZ-CG 
959 |a Ex convento de Nuestra Señora de Guadalupe, Museo Regional de Zacatecas, Zacatecas  |b CCC4 
960 |a Convento de Nuestra Señora de Guadalupe, Zacatecas  |b DD87 
961 |a Franciscana  |b OF 
942 |c CRZ-CG 
943 |g Biblioteca del Ex Convento de Nuestra Señora de Guadalupe. Zacatecas 
999 |c 963285  |d 963285